000
00231nam a2200097Ia 4500
008
190216s9999||||xx |||||||||||||| ||und||
100
_a
Null
245
0
_a
Hindi-Hindi Gadya Suda
260
_b
"Kitab Bhavan, New Delhi-2"
942
_c
BK
999
_c
17505
_d
17505